[Event "Erfurt op Amateurs 29th"]
[Site "Erfurt"]
[Date "2019.12.30"]
[Round "7"]
[White "Siepen, Ralf"]
[Black "Naumann, Thomas"]
[Result "1/2-1/2"]
[WhiteElo "1572"]
[BlackElo "1626"]
[PlyCount "72"]
[EventDate "2019.12.27"]
[EventType "swiss"]
[EventRounds "7"]
[EventCountry "GER"]
[SourceTitle "EXT 2021"]
[Source "ChessBase"]
[SourceDate "2020.10.23"]
[SourceVersion "1"]
[SourceVersionDate "2020.10.23"]
[SourceQuality "1"]

1. Nf3 d5 2. c4 e6 3. g3 Nf6 4. Bg2 Nbd7 5. 0-0 d4 6. Nxd4 c5 7. Nf3 Be7 8. b3 0-0 9. Bb2 Qc7 10. d4 Rb8 11. Nc3 h5 12. Nb5 Qb6 13. e3 a6 14. Nc3 Nh7 15. Na4 Qc7 16. Nxc5 Nxc5 17. dxc5 Qxc5 18. Qd4 Qxd4 19. Bxd4 f6 20. Bb6 Bd8 21. Bxd8 Rxd8 22. Rfd1 Rxd1+ 23. Rxd1 Kf7 24. h4 Ke7 25. Ne1 Nf8 26. Nc2 a5 27. Bf3 g6 28. Kf1 Bd7 29. Ke1 b6 30. Nd4 Rc8 31. Rd2 e5 32. Nb5 Bxb5 33. cxb5 Rc1+ 34. Ke2 Ne6 35. Bc6 Nc5 36. e4 g5 1/2-1/2

[Event "Rheinhausen-ch 19th"]
[Site "Duisburg Rheinhausen"]
[Date "2015.02.05"]
[Round "3"]
[White "Siepen, Ralf"]
[Black "Ciglenecki, Ignaz"]
[Result "0-1"]
[WhiteElo "1532"]
[BlackElo "1724"]
[PlyCount "68"]
[EventDate "2015.01.09"]
[EventType "swiss"]
[EventRounds "7"]
[EventCountry "GER"]
[SourceTitle "EXT 2018"]
[Source "ChessBase"]
[SourceDate "2017.10.13"]
[SourceVersion "1"]
[SourceVersionDate "2017.10.13"]
[SourceQuality "1"]

1. Nf3 Nf6 2. g3 g6 3. Bg2 Bg7 4. d4 d6 5. Nc3 c6 6. 0-0 0-0 7. Re1 Re8 8. Bg5 Nbd7 9. Qd2 Nf8 10. Rad1 Qc7 11. e4 Bg4 12. h3 Bxf3 13. Bxf3 Rad8 14. Ne2 Ne6 15. Be3 b6 16. c4 Nd7 17. d5 Ne5 18. Bg2 Nxc4 19. Qc1 Nxe3 20. Qxe3 cxd5 21. exd5 Nf8 22. Rc1 Qb7 23. b3 Rc8 24. Nd4 Nd7 25. Rxc8 Qxc8 26. Nc6 Qa8 27. Qe2 Bf6 28. f4 a6 29. Bf1 b5 30. Qg4 Qb7 31. Qf3 Qb6+ 32. Kg2 Qc5 33. Qd3 Nb6 34. Rd1 e6 0-1

[Event "Gelsenkirchen Silvester op 2nd"]
[Site "Gelsenkirchen"]
[Date "2014.12.27"]
[Round "1"]
[White "Siepen, Ralf"]
[Black "Nikolaus, Michael"]
[Result "1/2-1/2"]
[WhiteElo "1600"]
[BlackElo "1326"]
[PlyCount "51"]
[EventDate "2014.12.27"]
[EventType "swiss"]
[EventRounds "5"]
[EventCountry "GER"]
[SourceTitle "EXT 2019"]
[Source "ChessBase"]
[SourceDate "2018.10.10"]
[SourceVersion "1"]
[SourceVersionDate "2018.10.10"]
[SourceQuality "1"]

1. d4 Nf6 2. Nf3 e6 3. Bf4 d5 4. e3 Bd6 5. Ne5 0-0 6. Bd3 Nbd7 7. Nd2 c5 8. c3 c4 9. Bc2 Qc7 10. Ndf3 b5 11. Nxd7 Bxd7 12. Ne5 Rfd8 13. Qf3 h6 14. Nxd7 Rxd7 15. Bxh6 b4 16. Bf4 bxc3 17. bxc3 Bxf4 18. exf4 Qa5 19. 0-0 Rb8 20. Rfe1 Rb2 21. Rec1 Rxa2 22. Rab1 Kf8 23. f5 exf5 24. Qxf5 Ra3 25. Rb8+ Rd8 26. Rxd8+ 1/2-1/2

[Event "Cologne Longerich op-B 11th"]
[Site "Cologne"]
[Date "2014.08.03"]
[Round "5"]
[White "Siepen, Ralf"]
[Black "Scheffler, Juergen"]
[Result "1-0"]
[WhiteElo "1522"]
[BlackElo "1306"]
[PlyCount "89"]
[EventDate "2014.08.01"]
[EventType "swiss"]
[EventRounds "5"]
[EventCountry "GER"]
[SourceTitle "EXT 2022"]
[Source "ChessBase"]
[SourceDate "2021.10.06"]
[SourceVersion "1"]
[SourceVersionDate "2021.10.06"]
[SourceQuality "1"]

1. d4 d5 2. Nf3 e6 3. Bf4 Nf6 4. e3 c5 5. c3 Nc6 6. Bd3 c4 7. Bc2 Nh5 8. Bg3 Nxg3 9. hxg3 Bd7 10. Qe2 h6 11. e4 Qe7 12. Nbd2 0-0-0 13. b3 cxb3 14. axb3 Kb8 15. b4 Rc8 16. Nb3 Nxb4 17. cxb4 Qxb4+ 18. Kd1 dxe4 19. Qxe4 Bc6 20. Qe5+ Bd6 21. Qa5 Qxa5 22. Nxa5 Bb5 23. Rb1 Ba6 24. Be4 Rc7 25. Re1 Rhc8 26. Re3 Rd8 27. Reb3 Rdd7 28. Kd2 Bc5 29. Nc6+ Kc8 30. Ke3 Bb6 31. Nce5 Re7 32. Bd3 Bxd3 33. Kxd3 g5 34. Nc4 Red7 35. Nxb6+ axb6 36. Rxb6 f6 37. Rxe6 g4 38. Re8+ Rd8 39. Rxd8+ Kxd8 40. Nd2 h5 41. Rb5 Rh7 42. Ne4 h4 43. Nxf6 h3 44. Nxh7 hxg2 45. Rb1 1-0

[Event "Cologne Longerich op-B 11th"]
[Site "Cologne"]
[Date "2014.08.02"]
[Round "3"]
[White "Siepen, Ralf"]
[Black "Koellner, Ruben Gideon"]
[Result "1-0"]
[WhiteElo "1522"]
[BlackElo "1297"]
[PlyCount "49"]
[EventDate "2014.08.01"]
[EventType "swiss"]
[EventRounds "5"]
[EventCountry "GER"]
[SourceTitle "EXT 2022"]
[Source "ChessBase"]
[SourceDate "2021.10.06"]
[SourceVersion "1"]
[SourceVersionDate "2021.10.06"]
[SourceQuality "1"]

1. d4 d5 2. Nf3 Nf6 3. Bf4 e6 4. e3 c5 5. c3 Nc6 6. Bd3 Be7 7. Nbd2 0-0 8. 0-0 Re8 9. dxc5 Bxc5 10. Ne5 Nxe5 11. Bxe5 Bd6 12. Nf3 Bxe5 13. Nxe5 Qd6 14. f4 Nd7 15. Nxd7 Bxd7 16. Qh5 h6 17. Rf3 e5 18. fxe5 Rxe5 19. Qxf7+ Kh8 20. Raf1 Ree8 21. Rg3 Rg8 22. Rg6 Qxg6 23. Qxg6 Bf5 24. Bxf5 Raf8 25. Qh7# 1-0

[Event "Dortmund Sparkassen op-B"]
[Site "Dortmund"]
[Date "2014.07.20"]
[Round "9"]
[White "Siepen, Ralf"]
[Black "Schultz, Hauke"]
[Result "1-0"]
[WhiteElo "1600"]
[BlackElo "1446"]
[PlyCount "117"]
[EventDate "2014.07.12"]
[EventType "swiss"]
[EventRounds "9"]
[EventCountry "GER"]
[SourceTitle "EXT 2022"]
[Source "ChessBase"]
[SourceDate "2021.10.06"]
[SourceVersion "1"]
[SourceVersionDate "2021.10.06"]
[SourceQuality "1"]

1. d4 d5 2. Nf3 Nc6 3. e3 e6 4. Bd3 Bd6 5. Nbd2 Nf6 6. a3 0-0 7. 0-0 e5 8. dxe5 Nxe5 9. Nxe5 Bxe5 10. f4 Bd6 11. Qf3 Re8 12. b4 c5 13. c3 c4 14. Bc2 Bg4 15. Qf2 b5 16. Nf3 Ne4 17. Qe1 a5 18. Bb2 axb4 19. axb4 Rxa1 20. Qxa1 Qb6 21. Qe1 Nxc3 22. Qxc3 Qxe3+ 23. Qxe3 Rxe3 24. Re1 Rxe1+ 25. Nxe1 Bxb4 26. Kf2 Bc5+ 27. Kg3 Be2 28. Nf3 b4 29. Bd4 Bxd4 30. Nxd4 Bh5 31. Kh4 b3 32. Kxh5 bxc2 33. Nxc2 f6 34. Kg4 Kf7 35. f5 Ke7 36. Kf4 Kd6 37. g4 Kc5 38. Ke3 Kd6 39. Kd4 c3 40. Ne3 Kc6 41. Kxc3 Kc5 42. Ng2 d4+ 43. Kd3 Kd5 44. Nf4+ Ke5 45. Ne6 g5 46. h3 h6 47. Nxd4 Kf4 48. Ne2+ Kf3 49. Ng1+ Kg2 50. Ke4 Kxg1 51. Kd5 Kg2 52. Ke6 Kxh3 53. Kxf6 Kxg4 54. Kg6 h5 55. f6 h4 56. f7 h3 57. f8Q h2 58. Qf1 Kh4 59. Qh1 1-0

[Event "Dortmund Sparkassen op-B"]
[Site "Dortmund"]
[Date "2014.07.18"]
[Round "7"]
[White "Siepen, Ralf"]
[Black "Tuscher, Albin"]
[Result "1/2-1/2"]
[WhiteElo "1600"]
[BlackElo "1595"]
[PlyCount "81"]
[EventDate "2014.07.12"]
[EventType "swiss"]
[EventRounds "9"]
[EventCountry "GER"]
[SourceTitle "EXT 2022"]
[Source "ChessBase"]
[SourceDate "2021.10.06"]
[SourceVersion "1"]
[SourceVersionDate "2021.10.06"]
[SourceQuality "1"]

1. d4 e6 2. Nf3 c5 3. e3 Nf6 4. Bd3 d5 5. c3 Nc6 6. Nbd2 Be7 7. 0-0 0-0 8. dxc5 Bxc5 9. e4 Qc7 10. Qe2 Re8 11. e5 Nd7 12. Bxh7+ Kxh7 13. Ng5+ Kg6 14. Qg4 f5 15. Nxe6+ fxg4 16. Nxc7 Rxe5 17. Nxa8 Bd6 18. Nb3 Rh5 19. g3 b6 20. Re1 Nde5 21. Rxe5 Bxe5 22. Bf4 Bb7 23. Nc7 Bxf4 24. gxf4 Ne7 25. Nd4 a6 26. Re1 Kf7 27. Nce6 Bc8 28. Ng5+ Kf6 29. Re5 g6 30. Kg2 Bd7 31. Nde6 Rh8 32. Nc7 a5 33. Nxd5+ Nxd5 34. Rxd5 Bc6 35. Ne4+ Ke6 36. Re5+ Kf7 37. Kg3 Rh3+ 38. Kg2 Rd3 39. Kf1 Rd1+ 40. Ke2 Rb1 41. Nd6+ 1/2-1/2

[Event "Rheinhausen-ch op 18th"]
[Site "Rheinhausen"]
[Date "2014.03.21"]
[Round "6"]
[White "Schless, Sebastian"]
[Black "Siepen, Ralf"]
[Result "1-0"]
[WhiteElo "1834"]
[BlackElo "1519"]
[PlyCount "97"]
[EventDate "2014.01.10"]
[EventType "swiss"]
[EventRounds "7"]
[EventCountry "GER"]
[SourceTitle "EXT 2017"]
[Source "ChessBase"]
[SourceDate "2016.10.25"]
[SourceVersion "1"]
[SourceVersionDate "2016.10.25"]
[SourceQuality "1"]

1. e4 d5 2. exd5 Qxd5 3. Nc3 Qd6 4. d4 Nf6 5. Nf3 a6 6. Be2 b5 7. 0-0 e6 8. h3 h6 9. Be3 Bb7 10. Qd2 Nbd7 11. Rfe1 Be7 12. a3 Nd5 13. Nxd5 Bxd5 14. Bf4 Qb6 15. Ne5 Nxe5 16. Bxe5 Bg5 17. Qc3 Bf6 18. Bf3 Bxe5 19. Bxd5 Bxd4 20. Qc6+ Ke7 21. Qxb6 Bxb6 22. Bxa8 Rxa8 23. Rad1 c5 24. Re2 Rd8 25. Red2 Rxd2 26. Rxd2 f6 27. Kf1 Bc7 28. Ke2 Be5 29. c3 Bf4 30. Rd1 h5 31. Kd3 h4 32. a4 Bc7 33. axb5 axb5 34. Ke4 g5 35. Ra1 Kd7 36. Ra8 Ke7 37. Kf3 Kd6 38. g3 hxg3 39. fxg3 Kd5 40. h4 gxh4 41. gxh4 Be5 42. h5 Kc4 43. Ke4 Kb3 44. h6 Kxb2 45. h7 Bxc3 46. Rb8 Kc2 47. Rxb5 f5+ 48. Kf4 c4 49. Re5 1-0

[Event "Rheinhausen-ch op 18th"]
[Site "Rheinhausen"]
[Date "2014.02.21"]
[Round "4"]
[White "Mohrholz, Stefan"]
[Black "Siepen, Ralf"]
[Result "1-0"]
[WhiteElo "1889"]
[BlackElo "1519"]
[PlyCount "77"]
[EventDate "2014.01.10"]
[EventType "swiss"]
[EventRounds "7"]
[EventCountry "GER"]
[SourceTitle "EXT 2017"]
[Source "ChessBase"]
[SourceDate "2016.10.25"]
[SourceVersion "1"]
[SourceVersionDate "2016.10.25"]
[SourceQuality "1"]

1. Nf3 Nf6 2. g3 b6 3. Bg2 Bb7 4. c4 c5 5. 0-0 e6 6. Nc3 Be7 7. b3 Ne4 8. Nxe4 Bxe4 9. Bb2 Bf6 10. d4 Nc6 11. Qd2 Nxd4 12. Nxd4 Bxg2 13. Kxg2 cxd4 14. Bxd4 Rc8 15. Rfd1 Rc7 16. Bxf6 Qxf6 17. Qd6 Qd8 18. Rac1 Qa8+ 19. Kg1 Qc6 20. Qf4 0-0 21. Rd6 Qb7 22. Rcd1 f6 23. h4 Rf7 24. Qd2 Kf8 25. Rxe6 Rc6 26. Rd6 Rxd6 27. Qxd6+ Ke8 28. Rd5 Re7 29. e3 Re6 30. Qf4 Ke7 31. h5 Qc6 32. Qf5 h6 33. Qg6 Kf8 34. Qd3 Ke7 35. e4 d6 36. f4 a6 37. Kf2 a5 38. Kf3 Qd7 39. Rb5 1-0

[Event "Gelsenkirchen Silvester op 1st"]
[Site "Gelsenkirchen"]
[Date "2013.12.27"]
[Round "2"]
[White "Sikorski, Thomas"]
[Black "Siepen, Ralf"]
[Result "1-0"]
[WhiteElo "1791"]
[BlackElo "1544"]
[PlyCount "80"]
[EventDate "2013.12.27"]
[EventType "swiss"]
[EventRounds "5"]
[EventCountry "GER"]
[SourceTitle "EXT 2019"]
[Source "ChessBase"]
[SourceDate "2018.10.10"]
[SourceVersion "1"]
[SourceVersionDate "2018.10.10"]
[SourceQuality "1"]

1. c4 e5 2. Nc3 Nc6 3. Nf3 g6 4. d4 Bg7 5. d5 Nce7 6. e4 d6 7. Be2 f5 8. Bg5 Nf6 9. Qc2 h6 10. Bxf6 Bxf6 11. b4 a5 12. b5 0-0 13. 0-0 f4 14. b6 cxb6 15. Nb5 Bg4 16. h3 Bh5 17. g4 fxg3 18. fxg3 g5 19. Nh2 Bxe2 20. Qxe2 Ng6 21. Qh5 Kh7 22. Ng4 Bg7 23. Rxf8 Qxf8 24. Rf1 Qe7 25. Rf6 Bxf6 26. Qxh6+ Kg8 27. Qxg6+ Bg7 28. Nxd6 Rf8 29. Nh6+ Kh8 30. Ndf7+ Rxf7 31. Nxf7+ Kg8 32. Nh6+ Kh8 33. d6 Qf6 34. Qxf6 Bxf6 35. Nf5 Kg8 36. Ne3 Kf7 37. Nd5 Bd8 38. Nc7 Kg6 39. Ne6 Bf6 40. d7 Kf7 1-0